| 000 | 00374nam a2200109Ia 4500 | ||
|---|---|---|---|
| 008 | 171204s9999 xx 000 0 und d | ||
| 245 | 4 | _aThe Acquisition of L2 Mandarin Prosody: From experimental studies to pedagogical practice | |
| 245 | _cChunsheng Yang | ||
| 260 | _c2016 | ||
| 650 | _xForeign Language 3 (Mandarin) | ||
| 856 | _uhttp://down.ebook777.com/036/9027243719.pdf | ||
| 999 |
_c346681 _d346681 |
||